XX Всемирный конгресс ИМЕКО в Пусане; Датчики и системы; № 7 (170)

Bibliographic Details
Parent link:Датчики и системы.— , 1999-
№ 7 (170).— 2013.— [С. 63-71]
Main Author: Муравьев С. В. Сергей Васильевич
Corporate Authors: Национальный исследовательский Томский политехнический университет (ТПУ) Энергетический институт (ЭНИН) Кафедра электропривода и электрооборудования (ЭПЭО), Национальный исследовательский Томский политехнический университет (ТПУ) Институт кибернетики (ИК) Кафедра компьютерных измерительных систем и метрологии (КИСМ)
Summary:Заглавие с экрана
Дана общая характеристика XX Всемирного Конгресса Международной конфедерации по измерениям (ИМЕКО), проходившего с 9 по 14 сентября 2012 г. в г. Пусане, Республика Корея.
General characteristic of XX International Measurement Confederation (IMECO) world congress held in Pusan, Republic of Korea, September 9-14, 2012, is presented.
Режим доступа: по договору с организацией-держателем ресурса
Language:Russian
Published: 2013
Subjects:
Online Access:http://elibrary.ru/item.asp?id=19402141&
Format: MixedMaterials Electronic Book Chapter
KOHA link:https://koha.lib.tpu.ru/cgi-bin/koha/opac-detail.pl?biblionumber=641903

MARC

LEADER 00000naa0a2200000 4500
001 641903
005 20250404144948.0
035 |a (RuTPU)RU\TPU\network\6834 
090 |a 641903 
100 |a 20150608d2013 k||y0rusy50 ca 
101 0 |a rus 
102 |a RU 
135 |a drcn ---uucaa 
181 0 |a i  
182 0 |a b 
200 1 |a XX Всемирный конгресс ИМЕКО в Пусане  |d XX World IMECO Congress in Pusan  |f С. В. Муравьев 
203 |a Текст  |c электронный 
300 |a Заглавие с экрана 
320 |a [Библиогр.: с. 71 (7 назв.)] 
330 |a Дана общая характеристика XX Всемирного Конгресса Международной конфедерации по измерениям (ИМЕКО), проходившего с 9 по 14 сентября 2012 г. в г. Пусане, Республика Корея. 
330 |a General characteristic of XX International Measurement Confederation (IMECO) world congress held in Pusan, Republic of Korea, September 9-14, 2012, is presented. 
333 |a Режим доступа: по договору с организацией-держателем ресурса 
461 |t Датчики и системы  |d 1999- 
463 |t № 7 (170)  |v [С. 63-71]  |d 2013 
510 1 |a XX World IMECO Congress in Pusan  |z eng 
610 1 |a электронный ресурс 
610 1 |a труды учёных ТПУ 
610 1 |a конгрессы 
610 1 |a метрология 
610 1 |a измерения 
610 1 |a нанотехнологии 
700 1 |a Муравьев  |b С. В.  |c специалист в области контрольно-измерительной техники  |c профессор Томского политехнического университета, доктор технических наук  |f 1954-  |g Сергей Васильевич  |3 (RuTPU)RU\TPU\pers\27989  |9 12979 
712 0 2 |a Национальный исследовательский Томский политехнический университет (ТПУ)  |b Энергетический институт (ЭНИН)  |b Кафедра электропривода и электрооборудования (ЭПЭО)  |3 (RuTPU)RU\TPU\col\18674 
712 0 2 |a Национальный исследовательский Томский политехнический университет (ТПУ)  |b Институт кибернетики (ИК)  |b Кафедра компьютерных измерительных систем и метрологии (КИСМ)  |3 (RuTPU)RU\TPU\col\18706 
801 2 |a RU  |b 63413507  |c 20150608  |g RCR 
856 4 |u http://elibrary.ru/item.asp?id=19402141& 
942 |c CF